LEADER 00410nab a2200145 i 4500 001 000000265808 003 CaOOAMICUS 005 20190211102758.0 008 070212n xx uu u0 0und r 013 $a9190 040 $aSeMil$bita 245 10$aSpring. 773 0 $t[2001].$dEvanston (Illinois) : Anglican Theological Review, 2001.$w()158550 996 $6245$aSpring$9(OLS)http://semarc/title/421134 LEADER 00593nab a2200145 i 4500 001 000000281496 003 CaOOAMICUS 005 20130725000000.0 008 130725n xx uu u0 0und r 013 $a34105 040 $aSeMil$bita 245 10$aParola e silenzio :$bil Dio di Giacobbe e di Elia. - Titolo principale dalla copertina. 500 $aLuglio-Ottobre 2011. 773 0 $t[2011].$dRoma : Associazione Carmelo Teresiano Italiano, Ed. OCD, copyr. 2011.$w()231730 996 $6245$aParola e silenzio :$bil Dio di Giacobbe e di Elia. - Titolo principale dalla copertina.$9(OLS)http://semarc/title/364001